000 00749nam a22001697a 4500
008 140904b xxu||||| |||| 00| 0 eng d
020 _a040685159x
050 _aKD288.A64(1954 vol 1)
245 _aThe All England Law Reports (incorporating the law times reports and the law journal reports) of cases determined in the house of lords(1954 vol 1): The privy council, the court of appeal, all divisions of the high court and courts of special jurisdiction . /
_cedited by G. F. L. Bridgman.
260 _aLondon:
_bButterworth & Co. Ltd,
_c1954.
300 _axxvi, 1040p.:
_c24cm.
440 _pThe All england law reports 1954.
_vvol 1
700 _aBridgman, G. F. L.
700 _aChristie, Harold.
700 _aKing, Cyril.
942 _2lcc
_cBK
999 _c4161
_d11661